Normal view
MARC view
- John L. Bushnell & Linda A. Stone
Entry Personal Name
001 - CONTROL NUMBER
- control field: 110221
003 - CONTROL NUMBER IDENTIFIER
- control field: NUST
005 - DATE AND TIME OF LATEST TRANSACTION
- control field: 20230314100033.0
008 - FIXED-LENGTH DATA ELEMENTS
- fixed length control field: 230314|| aca||aabn | a|a d
040 ## - CATALOGING SOURCE
- Original cataloging agency: NUST
- Transcribing agency: NUST
100 ## - HEADING--PERSONAL NAME
- Personal name: John L. Bushnell & Linda A. Stone
670 ## - SOURCE DATA FOUND
- Source citation: Work cat.: (NUST)593672: Heyl, JEff L. 110220, Cases in Operations Management /, 1994.
